Dog Breeds in the AKC Hound Group - Statistics

General Stats
  • This quiz has been taken 29 times
  • The average score is 13 of 32
Answer Stats
Answer % Correct
Bloodhound
100%
Basset Hound
75%
Beagle
75%
Afghan Hound
67%
Dachshund
50%
Greyhound
50%
Irish Wolfhound
50%
American English Coonhound
42%
Basenji
42%
Bluetick Coonhound
42%
Borzoi
42%
English Foxhound
42%
Ibizan Hound
42%
Scottish Deerhound
42%
Sloughi
42%
Whippet
42%
American Foxhound
33%
Azawakh
33%
Grand Basset Griffon Vendéen
33%
Harrier
33%
Norwegian Elkhound
33%
Otterhound
33%
Petit Basset Griffon Vendéen
33%
Pharaoh Hound
33%
Plott Hound
33%
Rhodesian Ridgeback
33%
Saluki
33%
Black and Tan Coonhound
25%
Cirneco dell'Etna
25%
Portuguese Podengo Pequeno
25%
Redbone Coonhound
25%
Treeing Walker Coonhound
25%
No matching quizzes found
Score Distribution
Percent of People with Each Score
Percentile by Number Answered
Your Score History
You have not taken this quiz